skbl

Dr Suryya Kumar Bhuyan Library Web-OPAC
ডঃ সূৰ্য্য
কুমাৰ ভূঞা পুথিভঁৰাল ৱেব-অ'পেক

All Research Scholars are advised to clear the annual library fees to continue using Library Resources, Remote Access, Plagiarism Test and Library Clearance.

Cotton University Book Fair 2026

Udbodhani Bhasan: Sanskriti Sanmilan ( 8,9,10 Feb 1974 ) / (Record no. 1739)

MARC details
000 -LEADER
fixed length control field 00579nam a2200193Ia 4500
001 - CONTROL NUMBER
control field 1744
008 - FIXED-LENGTH DATA ELEMENTS--GENERAL INFORMATION
fixed length control field 210315s1974 ii a g b000 u asm u
082 ## - DEWEY DECIMAL CLASSIFICATION NUMBER
Classification number 891.414
100 ## - MAIN ENTRY--PERSONAL NAME
Personal name Bezbarua, Narayan .
245 #0 - TITLE STATEMENT
Title Udbodhani Bhasan: Sanskriti Sanmilan ( 8,9,10 Feb 1974 ) /
Statement of responsibility, etc. Narayan Bezbarua.
Medium Textual Documents
250 ## - EDITION STATEMENT
Edition statement 1st ed. /
260 ## - PUBLICATION, DISTRIBUTION, ETC.
Place of publication, distribution, etc. Mangaldoi (Assam) :
Name of publisher, distributor, etc. Assam Sahitya Sabha ,
Date of publication, distribution, etc. 1974.
300 ## - PHYSICAL DESCRIPTION
Extent 51p. :
Other physical details ill ;
Dimensions 21cm .
500 ## - GENERAL NOTE
General note 197/Ref/Ass
653 ## - INDEX TERM--UNCONTROLLED
Uncontrolled term Assamese Essays
653 ## - INDEX TERM--UNCONTROLLED
Uncontrolled term Assamese Speeches
653 ## - INDEX TERM--UNCONTROLLED
Uncontrolled term Reference-Assamese
942 ## - ADDED ENTRY ELEMENTS (KOHA)
Source of classification or shelving scheme Dewey Decimal Classification
Koha item type Books
Holdings
Withdrawn status Lost status Damaged status Not for loan Home library Current library Date acquired Coded location qualifier Total checkouts Full call number Barcode Date last seen Copy number Price effective from Koha item type
      Not for loan Dr. Suryya Kumar Bhuyan Library Dr. Suryya Kumar Bhuyan Library 01/02/2012 00000   891.414 Be 469 Sa 200/Ass 13/01/2024 3 01/02/2012 Books
        Dr. Suryya Kumar Bhuyan Library Dr. Suryya Kumar Bhuyan Library 01/02/2012 00000   891.414 Be 469 Sa 197//Ass 13/01/2024 2 01/02/2012 Books
      Not for loan Dr. Suryya Kumar Bhuyan Library Dr. Suryya Kumar Bhuyan Library 01/02/2012 00000   891.414 Be 469 Sa 197/Ass 13/01/2024 1 01/02/2012 Books

Designed and Maintained by Team SKBL
©1901-2026

Powered by Koha